000
00298nam a2200109 a 4500
001
4140
005
20140414131951.0
008
090218s19uu xx 00 eng d
050
_a
TR 372.4
_b
B39 2006
245
_a
Beginning reading instructional guide to help teachers :
_b
bright ll.
999
_c
112778
_d
112778